| 000 | 00671nam a22002057a 4500 | ||
|---|---|---|---|
| 999 |
_c9500 _d9500 |
||
| 003 | AR-CdUCM | ||
| 008 | 190328b ||||| |||| 00| 0 spa d | ||
| 040 |
_aMUNICIPALIDAD PROVINCIAL DEL CUSCO _cBIBLIOTECA MUNICIPAL DEL CUSCO |
||
| 082 |
_22ed. _a867.41 / _bM79 |
||
| 100 |
_aMoraes Sarmiento, Marina de _916996 |
||
| 245 |
_aÁnfora : _bPoesía / |
||
| 260 |
_aRío de Janairo : _bIrmaos Pongetti editores, |
||
| 300 |
_a32 paginas ; _c19 cm. |
||
| 500 | _aDonación familia Nieto, con dedicatoria a Luis Nieto. | ||
| 505 | _aContenido :Poesía | ||
| 650 |
_aPoesía brasilera _916936 |
||
| 650 |
_aLiteratura brasilera _913828 |
||
| 942 |
_2ddc _cLIBROS |
||
| 945 | _arum | ||